000 003400000a22001450004500
005 20120302065124.0
942 _cBOOK
100 _a Jha, Kavishwar Shree Chanda
245 _a (Maithili) Maithili Ramayan
260 _aLakhnau:Bhuvan Vani Trust, 1986-87
300 _a600p..-ill
040 _aM&H
365 _b60/-
650 _aRamayan
999 _c363950
_d363947